Представление документа в формате MARC21

Поле Инд. ПП Название Значение
Тип записи a
Библиографический уровень b
001 Контрольный номер RU/IS/BASE/105458222
005 Дата корректировки 20200630193203.4
084 a Индекс другой классификации/Индекс ББК 60.561.3; 66.053
100 1_ a Автор Карпова Н. В.
245 a Заглавие Политическая социализация как элемент гражданской культуры
504 a Библиография Библиогр. ссылки. - Примеч.
650 a Основная рубрика политика
a Основная рубрика политическая социология
a Основная рубрика политология
a Основная рубрика социология
653 a Ключевые слова гражданская культура
a Ключевые слова гражданское общество
a Ключевые слова политическая жизнь
a Ключевые слова политическая культура
a Ключевые слова политическая социализация
a Ключевые слова политическое поведение
a Ключевые слова формирование гражданской культуры
773 t Заглавие источника Вестник Московского университета. Серия 18, Социология и политология
d Дата издания источника 2003
g Прочая информация № 1. - С. 114 - 130
w Контрольный № источника RU/IS/BASE/103733045
901 t Тип документа b